Continuidad y evolución en la enzeñanza del magusterio en torno a comunismo, socialismo y marxismo / [por] Vicenzo Miano

Gespeichert in:
Bibliographische Detailangaben
1. Verfasser: Miano, Vicenzo (autor)
Format: Buch
Schlagworte:
Tags: Tag hinzufügen
Keine Tags, Fügen Sie das erste Tag hinzu!

MARC

LEADER 00000nam^a2200000^u^4500
001 000540777
005 20250521000000.0
008 060220s1000^^^^^^^^^^^^r^^^^^000^0^spa^d
009 20260310131210.771
035 |a FMI 000008884 
037 |a Acervo Xavier Clavigero 
096 |a 5.7.5//28/C 
100 |a Miano, Vicenzo  |e (autor) 
245 1 0 |a Continuidad y evolución en la enzeñanza del magusterio en torno a comunismo, socialismo y marxismo / [por] Vicenzo Miano 
264 |a México : Buena prensa, 1981 
300 |a 208 p. 
336 |a texto  |b txt  |2 rdacontenido 
337 |a sin mediación  |b n  |2 rdamedio 
338 |a volumen  |b nc  |2 rdasoporte 
649 |a XX 
650 |a DOCTRINA SOCIAL CATOLICA 
910 |a Fondo Francisco Migoya Covarrubias S.J. 
920 |a Impresos - Libros 
930 |a Fondos Especiales 
905 |a 134 
901 |a SBC12078  |b IT2  |c ESP  |u 20250521 
902 |a https://opac.biblio.iteso.mx/vufind/Record/000540777